Central Library OPAC University of Rajshahi
Normal view MARC view

Entry Personal Name

Number of records used in: 1

001 - CONTROL NUMBER

  • control field: 1520

003 - CONTROL NUMBER IDENTIFIER

  • control field: BD-RjUL

005 - DATE AND TIME OF LATEST TRANSACTION

  • control field: 20220222112841.0

008 - FIXED-LENGTH DATA ELEMENTS

  • fixed length control field: 220222|| aca||aabn | a|a d

040 ## - CATALOGING SOURCE

  • Original cataloging agency: BD-RjUL
  • Transcribing agency: BD-RjUL

100 ## - HEADING--PERSONAL NAME

  • Personal name: Chowdhury, Mohd. Mozmmel Hossain

670 ## - SOURCE DATA FOUND

  • Source citation: Work cat.: (BD-RjUL)79437: Chowdhury, Mohd. Mozmmel Hossain, Effect of Human Resource Management on the Performance of Private Sector Commercial Banks in Bangladesh :, 2007